MARC details
| 000 -CABECERA |
| campo de control de longitud fija |
01453nam a2200337 a 4500 |
| 001 - NÚMERO DE CONTROL |
| campo de control |
000009324 |
| 005 - FECHA Y HORA DE LA ÚLTIMA TRANSACCIÓN |
| campo de control |
20240305100318.0 |
| 008 - DATOS DE LONGITUD FIJA--INFORMACIÓN GENERAL |
| campo de control de longitud fija |
090929t2008 dr 000 p spa d |
| 020 ## - NÚMERO INTERNACIONAL ESTÁNDAR DEL LIBRO |
| Número Internacional Estándar del Libro |
9789993494867 |
| 040 ## - FUENTE DE LA CATALOGACIÓN |
| Centro catalogador/agencia de origen |
DO-SdBNP |
| 041 17 - CÓDIGO DE LENGUA |
| Código de lengua del texto/banda sonora o título independiente |
fre |
| -- |
por |
| -- |
spa |
| -- |
cat |
| 082 ## - NÚMERO DE LA CLASIFICACIÓN DECIMAL DEWEY |
| Número de clasificación |
B869.144 |
| Número de documento/Ítem |
G754c |
| 049 ## - FONDOS LOCALES (OCLC) |
| Fondos de biblioteca |
BNPD |
| 100 1# - ENTRADA PRINCIPAL--NOMBRE DE PERSONA |
| Nombre de persona |
Grando, Cristiane, |
| Fechas asociadas al nombre |
1974- |
| 9 (RLIN) |
24064 |
| 245 10 - MENCIÓN DE TÍTULO |
| Título |
Caminantes / |
| Mención de responsabilidad, etc. |
Cristiane Grando ; prólogo Sergio Rodríguez Saavedra ; traducción al francés Cristiane Grando ; traducción al español Espérance Aniesa y Melania Yens ; traducción al inglés de Ángel Ortega ; traducción al catalán Pere Bessò. |
| 250 ## - MENCIÓN DE EDICIÓN |
| Mención de edición |
Ed. especial. |
| 260 ## - PUBLICACIÓN, DISTRIBUCIÓN, ETC. |
| Lugar de publicación, distribución, etc. |
Santo Domingo : |
| Nombre del editor, distribuidor, etc. |
Punto Mágico, |
| Fecha de publicación, distribución, etc. |
2008. |
| 300 ## - DESCRIPCIÓN FÍSICA |
| Extensión |
48 p. ; |
| Dimensiones |
22 cm. |
| 500 ## - NOTA GENERAL |
| Nota general |
Incluye datos biográficos de la autora en la contracubierta. |
| 500 ## - NOTA GENERAL |
| Nota general |
Edición especial para la XI Feria Internacional del Libro de Santo Domingo en homenaje a la Asociación de Estados del Caribe - ACS. |
| 546 ## - NOTA DE LENGUA/LENGUAJE |
| Nota de lengua/lenguaje |
Texto en español, inglés, portugés y catalán. |
| 586 ## - NOTA DE PREMIOS |
| Nota de premios |
Premio UNESCO-Aschberg de Literatura 2002. |
| 650 #4 - PUNTO DE ACCESO ADICIONAL DE MATERIA--TÉRMINO DE MATERIA |
| Término de materia o nombre geográfico como elemento de entrada |
Poesía brasileña |
| 9 (RLIN) |
822 |
| 650 #4 - PUNTO DE ACCESO ADICIONAL DE MATERIA--TÉRMINO DE MATERIA |
| Término de materia o nombre geográfico como elemento de entrada |
Literatura brasileña |
| 9 (RLIN) |
823 |
| 700 1# - PUNTO DE ACCESO ADICIONAL--NOMBRE DE PERSONA |
| Nombre de persona |
Rodríguez Saavedra, Sergio, |
| Término indicativo de función/relación |
pról. |
| 9 (RLIN) |
24065 |
| 700 1# - PUNTO DE ACCESO ADICIONAL--NOMBRE DE PERSONA |
| Nombre de persona |
Aniesa, Espérance, |
| Término indicativo de función/relación |
tr. |
| 9 (RLIN) |
824 |
| 700 1# - PUNTO DE ACCESO ADICIONAL--NOMBRE DE PERSONA |
| Nombre de persona |
Yens, Melania, |
| Término indicativo de función/relación |
tr. |
| 9 (RLIN) |
825 |
| 700 1# - PUNTO DE ACCESO ADICIONAL--NOMBRE DE PERSONA |
| Nombre de persona |
Ortega, Ángel, |
| Término indicativo de función/relación |
tr. |
| 9 (RLIN) |
24066 |
| 700 1# - PUNTO DE ACCESO ADICIONAL--NOMBRE DE PERSONA |
| Nombre de persona |
Bessò, Pere, |
| Término indicativo de función/relación |
tr. |
| 9 (RLIN) |
24067 |
| 910 ## - DATOS DE OPCIÓN DEL USUARIO (OCLC) |
| Datos de opción del usuario |
Validado. Control de calidad EMS. |